Tratado de Fisiología médica

Enregistré dans:
Détails bibliographiques
Auteur principal: Guyton, Arthur Clifton (Auteur)
Format: Livre
Langue:espagnol
Publié: Ciudad de México Interamericana-McGraw-Hill 1992
Édition:Octava edición
Sujets:
Tags: Ajouter un tag
Pas de tags, Soyez le premier à ajouter un tag!

MARC

LEADER 00000nam a2200000 a 4500
001 UCZ1246
003 CL-VaPUC
005 20241220144751.0
008 950817e19920000MX |||||||||||||||||spa|d
999 |c 238029  |d 238027 
040 |c Pontificia Universidad Católica de Valparaíso 
082 0 4 |a 612 GUY 1992  |2 21 
100 |a Guyton, Arthur Clifton  |e author  |9 571525 
245 1 0 |a Tratado de Fisiología médica 
250 |a Octava edición 
260 |a Ciudad de México  |b Interamericana-McGraw-Hill  |c 1992 
300 |a 1063 páginas 
583 |a last modification  |c 20131003 04:15:58  |k Rodrigo Vera 
650 7 |a Fisiología humana  |x Cuerpo humano  |2 CL-VaPUC  |9 344739 
650 0 |a Anatomía  |9 343795 
650 7 |a Citología  |x Biología molecular  |2 CL-VaPUC  |9 344740 
650 7 |a Electrofisiología   |2 CL-VaPUC  |9 344741 
942 |c BK  |2 ddc 
945 |d 19950817 00:00:00  |a awong 
952 |0 0  |1 0  |2 ddc  |4 0  |6 612_000000000000000_GUY_1992  |7 0  |8 A  |9 247946  |a BIBCUR  |b BIBCUR  |d 2019-11-18  |i 3122328  |o 612 GUY 1992  |p 3122328  |r 2025-04-22  |t 1  |w 2019-11-18  |y BK  |k BIO 
952 |0 0  |1 0  |2 ddc  |4 0  |6 612_000000000000000_GUY_1992  |7 0  |8 A  |9 247947  |a BIBCUR  |b BIBCUR  |d 2019-11-18  |i 3122344  |l 1  |o 612 GUY 1992  |p 3122344  |q 2025-05-12  |r 2025-05-05  |s 2025-05-05  |t 2  |w 2019-11-18  |y BK  |k BIO